Zgadnij miasto na mapie Polski. - Statystyki

Ogólne statystyki
  • Ten quiz został rozwiązany 121 razy
  • Średni wynik to 14 z 16
Statystyki odpowiedzi
Obrazkowy Odpowiedź % Poprawnych
Gdańsk
100%
Warszawa
98%
Wrocław
98%
Kraków
96%
Poznań
96%
Bydgoszcz
95%
Lublin
95%
Rzeszów
95%
Białystok
93%
Toruń
92%
Łódź
91%
Zielona Góra
91%
Olsztyn
88%
Płock
72%
Legnica
67%
Zamość
64%
Nie znaleziono quizów pasujących do podanych kryteriów
Rozkład punktacji
Procent ludzi z każdym wynikiem
Percentyl według liczby udzielonych odpowiedzi
Twoja historia wyników
Nie rozwiązałeś tego quizu